UM Logo

10 tips to improve your reading skills/ (Record no. 12328)

MARC details
000 -LEADER
fixed length control field 00530nam a22001577a 4500
008 - FIXED-LENGTH DATA ELEMENTS--GENERAL INFORMATION
fixed length control field 190122b ||||| |||| 00| 0 eng d
022 ## - INTERNATIONAL STANDARD SERIAL NUMBER
International Standard Serial Number 2094-8042
082 ## - DEWEY DECIMAL CLASSIFICATION NUMBER
Edition number DPer 370.105 M72 Jan-Dec 2011 v59-60
100 ## - MAIN ENTRY--PERSONAL NAME
9 (RLIN) 34827
Personal name Arifias, Novita U.
245 ## - TITLE STATEMENT
Title 10 tips to improve your reading skills/
Statement of responsibility, etc. Novita U. Arifias.
246 ## - VARYING FORM OF TITLE
Title proper/short title Ten tips to improve your reading skills/
260 ## - PUBLICATION, DISTRIBUTION, ETC. (IMPRINT)
Place of publication, distribution, etc. Philippines;
Name of publisher, distributor, etc. In The Grade School, Inc.,
Date of publication, distribution, etc. c2010-2011.
300 ## - PHYSICAL DESCRIPTION
Extent v59 n10, page 426;
Dimensions 27m.
650 ## - SUBJECT ADDED ENTRY--TOPICAL TERM
Topical term or geographic name as entry element Reading.
9 (RLIN) 34828
942 ## - ADDED ENTRY ELEMENTS (KOHA)
Source of classification or shelving scheme Dewey Decimal Classification
Koha item type Periodicals
Holdings
Withdrawn status Lost status Source of classification or shelving scheme Damaged status Not for loan Collection code Home library Current library Date acquired Total Checkouts Full call number Date last seen Price effective from Koha item type Public note
    Dewey Decimal Classification     Periodicals UM Digos College - LIC UM Digos College - LIC 01/22/2019   DPer 370.105 M72 June 2010-Mar 2011 v. 59 n. 1-10 01/22/2019 01/22/2019 Periodicals Periodical article